MDQL
is popping MORE tags! Check the
thread
!
Quizzes
Events
Quiz Creation
Community
Videos
Private Events
Remove Ads
Sign In
Join for FREE
Feedback
Dark Mode
Quiz Categories
Sports
Geography
Music
Movies
Television
Just For Fun
Miscellaneous
History
Literature
Language
Science
Gaming
Entertainment
Religion
Holiday
For Kids
Quiz Lab
Recent
Popular Today
Quiz Kudos Today
Editor Picks
Curator Picks
Quizzes by...
Day
Popularity
Type
Ratings
Length
Year
Community
Subscriptions
Recent Discussions
Orange Saloon
Badges
Playlists
Quests
Create
Leaderboards
Showdown
Live 5
Trivia Bingo
Activity
Puzzle Library
Sporcle Events
Private Events
Virtual Trivia
Globe League
Become a Host
Pub Owners
SporcleCon
Opinionation
Our Games
Videos
Blog
Mobile Apps
Partnerships
Remove Ads and Go Orange
Feedback
Sports
Athletes
MLB
NBA
NHL
NFL
Soccer
Sports Teams
WWE
NCAA
Football
Premier League
Basketball
Baseball
Hockey
Golf
Tennis
Cricket
Rugby
Auto Racing
Olympics
World Cup
Sports
Athletes
MLB
NBA
NHL
NFL
Soccer
Sports Teams
WWE
NCAA
Football
Premier League
Basketball
Baseball
Hockey
Golf
Tennis
Cricket
Rugby
Auto Racing
Olympics
World Cup
Random Quiz
Search Sporcle
×
Quiz Lab
Quiz Lab
Sports
Liverpool
Type in answers that appear in a list
Type in answers that appear in a list
Classic
Best Score? Go Orange.
Liverpool players 1992-2016 Stats
Can you name all Liverpool players in the PREMIERSHIP history?
By
emate
15m
196 Questions
5,754 Plays
5,754 Plays
5,754 Plays
Comments
Comments
Give Quiz Kudos
Give Quiz Kudos
-
- Ratings
hide this ad
Replay
Link that replays current quiz
Next Quiz
Link to next quiz in quiz playlist
You Got
0%
They Got
Avg Score
60%
Avg Friend Score
Upgrade to see
Score Distribution
Jump to the score distribution portion of the page
Score
0/196
Timer
15:00
1
Play Today
Years
Player
% Correct
1998-
2015
Steven Gerrard (504 games, 120 goals)
94.1%
2004-
2009
Xabi Alonso (143 games, 15 goals)
93.6%
2006-
2014
Daniel Agger (175 games, 8 goals)
93.6%
1996-
2013
Jamie Carragher (508 games, 4 goals)
90.9%
1992-
2001, 05-
07
Robbie Fowler (266 games, 128 goals)
90.3%
1999-
2009
Sami Hyypia (318 games, 22 goals)
90.2%
1996-
2004
Michael Owen (216 games, 118 goals)
89.8%
2011-
2014
Luis Suarez (110 games, 69 goals)
89.7%
2010-
2015
Brad Jones (11 games)
89.2%
2007-
2011
Fernando Torres (102 games, 65 goals)
89.1%
2006-
2012
Dirk Kuyt (208 games, 51 goals)
88.6%
2011-
Jordan Henderson (155 games, 19 goals)
87.9%
2005-
2014
Jose Reina (285 games)
87.7%
1992-
1999
Rob Jones (125 games)
87%
2004
Paul Jones (2 games)
86.8%
1999-
2006
Dietmar Hamann (191 games, 8 goals)
86.6%
2007-
2010
Youssi Benayoun (92 games, 18 goals)
86.4%
2001-
2008
John Arne Riise (234 games, 21 goals)
86.3%
2001-
2005
Milan Baros (68 games, 19 goals)
86.1%
2001-
2007
Jerzy Dudek (184 games)
86%
1992-
1997
Lee Jones (3 games)
85.8%
2012-
Joe Allen (90 games, 4 goals)
85.7%
2013-
Philippe Coutinho (105 games, 21 goals)
85.1%
2007-
Lucas Leiva (222 games, 1 goal)
85.1%
2007-
2011
Ryan Babel (91 games, 12 goals)
85%
2008-
Martin Skrtel (242 games, 16 goals)
84.8%
2015-
Roberto Firmino (15 games,1 goal)
84.7%
1994-
2000
Phill Babb (128 games, 1 goal)
84.4%
2003-
2008
Harry Kewell (93 games, 12 goals)
84.2%
2006-
2007, 11-
12
Craig Bellamy (51 games, 13 goals)
84.2%
1992-
1996
Ian Rush (130 games, 45 goals)
83.8%
1999-
2005
Vladimir Smicer (121 games, 10 goals)
83.4%
2013-
Simon Mignolet (106 games)
83.2%
1996-
2003
Patrik Berger (148 games, 28 goals)
83.1%
2011-
2012
Charlie Adam (28 games, 2 goals)
82.8%
2008-
2009
Robbie Keane (19 games, 5 goals)
82.5%
2014-
Dejan Lovren (49 games)
82.4%
2015-
Christian Benteke (28 games, 9 goals)
82.4%
2013-
Daniel Sturridge (68 games, 43 goals)
82.3%
2009-
2015
Glen Johnson (160 games, 8 goals)
82.1%
2002-
2005
El-Hadji Diouf (55 games, 3 goal)
81.8%
1999-
2005
Stephane Henchoz (135 games)
81.3%
2014-
Emre Can (56 games, 2 goals)
81.3%
1992-
1997
John Barnes (162 games, 22 goals)
81.3%
2007-
2010
Javier Mascherano (94 games, 1 goal)
81.1%
2000-
2004
Markus Babbel (42 games, 3 goals)
80.6%
2004-
2007
Djibril Cisse (49 games, 13 goals)
80.4%
2004-
2007
Luis Garcia (77 games, 18 goals)
80.4%
2003-
2008
Steve Finnan (145 games, 1 goal)
80.2%
1992-
1999
David James (214 games)
80%
2000-
2004
Emile Heskey (150 games, 39 goals)
80%
2005-
2008
Peter Crouch (85 games, 22 goals)
79.9%
1992-
1999
Steve McManaman (240 games, 41 goals)
79.7%
2014-
Mario Balotelli (16 games, 1 goal)
79.5%
2009-
2012
Alberto Aquilani (18 games, 1 goal)
79.2%
2012-
2015
Raheem Sterling (95 games, 18 goals)
79.1%
2007-
2009
Alvaro Arbeloa (66 games, 2 goals)
78.5%
2015-
James Milner (28 games, 5 goals)
78.3%
2014-
Adam Lallana (56 games, 9 goals)
78.3%
2006-
2012
Fabio Aurelio (87 games, 3 goals)
76.6%
2001-
2002
Nicolas Anelka (20 games, 4 goals)
76.2%
2010-
2012
Maxi Rodriguez (57 games, 15 goals)
75.6%
2005-
2006
Fernando Morientes (41 games, 8 goals)
75.6%
2011-
2013
Andy Carroll (44 games, 6 goals)
75.5%
1992-
2002
Jamie Redknapp (231 games, 29 goals)
75.3%
2013-
Kolo Toure (46 games, 1 goal)
75.3%
Years
Player
% Correct
2015-
Nathaniel Clyne (32 games, 1 goal)
74.7%
2014-
Divock Origi (16 game, 5 goals)
74.5%
2000-
2002
Gary McAllister (55 games, 5 goals)
74.4%
1999-
2006
Djimi Traore (88 games)
74.3%
2000-
2005
Igor Biscan (72 games, 2 goals)
74%
2005-
2008
Mohamed Sissoko (51 games, 1 goal)
73.5%
2002-
2006
Salif Diao (37 games, 1 goal)
73.4%
2014-
Alberto Moreno (60 games, 3 goals)
73.4%
1997-
2004
Danny Murphy (170 games, 25 goals)
73.2%
2011-
2015
Sebastian Coates (12 games, 1 goal)
72.9%
2013-
Mamadou Sakho (55 games, 2 goals)
72.1%
1997-
1999
Paul Ince (65 games, 14 goals)
71.8%
1999-
2001
Sander Westerveld (75 games)
71.3%
1999-
2000
Titi Camara (33 games, 9 goals)
70.6%
1992-
1994
Bruce Grobbelaar (34 games)
70.6%
2001-
2002
Jari Litmanen (26 games, 5 goals)
70.3%
1997-
2000
Brad Friedel (25 games)
70%
2011-
2013
Stewart Downing (65 games, 3 goals)
69%
2007-
2010
Andriy Voronin (27 caps, 5 goals)
69%
2008-
2010
Andrea Dossena (18 games, 1 goal)
68.8%
2010-
2013
Joe Cole (26 games, 3 goals)
68.8%
2005-
2007
Mark Gonzalez (25 games, 2 goals)
68.2%
2010-
2011
Raul Meireles (35 games, 5 goals)
67.8%
2014-
2015
Rickie Lambert (25 games, 2 goals)
67.7%
2002-
2004
Abel Xavier (14 games, 1 goal)
67.6%
2012-
2015
Fabio Borini (25 games, 2 goals)
67%
2013-
2014 (on loan)
Victor Moses (19 games, 1 goal)
66.3%
2014-
Lazar Markovic (19 games, 2 goals)
66.2%
2000-
2002
Nick Barmby (32 games, 2 goals)
66.1%
1995-
1997
Stan Collymore (61 games, 26 goals)
66%
2008-
2010
Alberto Riera (40 games, 3 goals)
65.9%
2000-
2001
Christian Ziege (16 games, 1 goal)
65.9%
1992-
2000
Stig Inge Bjornebye (139 games, 2 goals)
65.8%
2005-
2007
Boudewijn Zenden (23 games, 2 goals)
65.6%
2007-
2011
Emiliano Insua (46 games)
65.4%
1993-
1998
Neil Ruddock (115 games, 11 goals)
65.3%
2010-
2011
Christian Poulsen (12 games)
65.2%
2002-
2007
Florent Sinama Pongolle (38 games, 4 goals)
64.9%
1992-
1998
Mark Wright (137 games, 5 goals)
64.9%
1997-
2002
Stephen Wright (14 games)
64.9%
2012-
2013 (loan)
Nuri Sahin (7 games, 1 goal)
64.8%
2011-
Jon Flanagan (40 games, 1 goal)
64.1%
1997-
1999
Karlheinz Riedle (60 games, 11 goals)
64.1%
1999-
2000
Rigobert Song (34 games)
63.1%
2011-
Jose Enrique (76 games, 2 goals)
63%
2007-
2014
Martin Kelly (33 games)
62.6%
2013-
Brad Smith (5 games)
62.4%
1995-
1999
Jason McAteer (100 games, 3 goals)
62.3%
2013-
2015
Iago Aspas (14 games)
62%
2009-
2011
Sotirios Kyrgiakos (30 games, 3 goals)
61.5%
1992-
1996
Jan Molby (35 games, 7 goals)
61.4%
1998-
2000
Steve Staunton (44 games)
61.2%
2001-
2007
Chris Kirkland (25 games)
61%
2012-
2015
Oussama Assaidi (4 games)
61%
2010-
2011
Milan Jovanovic (10 games)
60.7%
2006-
2011
Nabil El Zhar (19 games, 2 goals)
60.3%
2008-
2011
David N'Gog (63 games, 9 goals)
59.3%
2005-
2008
Scott Carson (4 games)
59.1%
2002-
2008
Anthony Le Tallec (17 games)
58.8%
1998-
2003
Vegard Heggem (54 games, 3 goals)
58.6%
2004-
2006
Josemi (21 games)
58.5%
1992-
1994
Ronny Rosenthal (27 games, 6 goals)
58.4%
2012-
Jordon Ibe (41 games, 1 goal)
58.4%
2008-
2011
Phillip Degen (7 games)
57.8%
2011-
2013
Doni (4 game)
57.7%
2006
Jan Kromkamp (14 games)
57.6%
Years
Player
% Correct
2013-
Luis Alberto (9 games)
57.3%
2002-
2006
Bruno Cheyrou (31 games, 3 goals)
56.6%
2006-
2009
Jermaine Pennant (55 games, 3 goals)
54.6%
2010-
2011
Paul Konchesky (15 games)
54.5%
2002-
2006
Neil Mellor (12 games, 2 goals)
54.5%
1997-
1999
Oyvind Leonhardsen (37 games, 7 goals)
54.4%
2015-
Danny Ings (6 games, 2 goals)
54.3%
2006-
2013
Jay Spearing (30 games)
53.9%
1993-
2000
Dominic Matteo (127 games, 1 goal)
53.5%
2013-
2014 (on loan)
Aly Cissokho (15 games)
53.3%
1992-
1993
Dean Saunders (6 games, 1 goal)
52.8%
1997-
1999
Bjorn Tore Kvarme (45 games)
52.7%
1992-
1998
Michael Thomas (107 games, 6 goals)
52.1%
2015-
Joe Gomez (5 games)
52%
1994-
2000
David Thompson (48 games, 5 goals)
51.6%
2000-
2003
Pegguy Arphexad (2 games)
51.5%
2014-
2015 (loan)
Javier Manquillo (10 games)
51.3%
2010-
2013
Danny Wilson (2 games)
51.2%
1998-
1999
Sean Dundee (3 games)
51%
1992-
1994
Ronnie Whelan (40 games, 2 goals)
50.8%
2004-
2005
Antonio Nunez (18 games)
50.1%
2002-
2007
Stephen Warnock (40 games, 1 goal)
49.4%
1993-
1996
Nigel Clough (39 games, 7 goals)
49%
1994-
1996
John Scales (65 games, 2 goals)
48.7%
1992-
1999
Steve Harkness (91 games, 2 goals)
48.6%
2012-
2015
Suso (14 games)
48.5%
1992-
1995
Steve Nicol (67 games, 1 goal)
48%
2005
Mauricio Pellegrino (12 games)
47.4%
2010-
2013
Jonjo Shelvey (47 games, 2 goals)
46.8%
2000-
2003
Bernard Diomede (2 games)
45.4%
1992-
1994
Don Hutchison (42 games, 7 goals)
44.7%
1993-
1994
Julian Dicks (24 games, 3 goals)
44.3%
1992-
1996
Mark Walters (69 games, 11 goals)
43.9%
2010-
2014
Jack Robinson (3 games)
43.9%
1999-
2001
Erik Meijer (24 games)
43%
2009-
2013
Daniel Pacheco (5 games)
41.6%
2009-
2011
Daniel Ayala (5 games)
41%
1995-
1998
Mark Kennedy (16 games)
40.9%
2012-
Andre Wisdom (14 games)
40%
2006-
2007
Gabriel Paletta (3 games)
40%
1992-
1996
Paul Stewart (32 games, 1 goal)
39.6%
1992-
1994
David Burrows (34 games, 2 goals)
38.4%
1992-
1994
Mike Marsh (30 games, 2 goals)
37.6%
1992-
1994
Torben Piechnik (17 games)
37%
2012-
Jerome Sinclair (2 games)
36.1%
2012-
Jerome Sinclair (2 games)
36.1%
1992-
1993
Istvan Kozma (1 game)
35.9%
2001-
2005
Gregory Vignal (11 games)
35.1%
2007-
2010
Damien Plessis (3 games)
34.5%
1992-
1993
Mike Hooper (9 games)
34.4%
1998-
1999
Jean-Michel Ferri (2 games)
33.9%
2014-
Joao Carlos Teixeira (2 games)
33.5%
2007-
2009
Jack Hobbs (2 caps)
32.6%
2003-
2007
Darren Potter (2 games)
32.4%
2006-
2012
Stephen Darby (1 game)
31.6%
2007
Daniele Padelli (1 game)
31.6%
2004-
2008
Danny Guthrie (3 games)
31.1%
2014-
Jordan Rossiter (1 game)
30.6%
2002-
2005
Jon Otsemobor (4 games)
29.3%
2002-
2006
John Welsh (4 games)
29.1%
2002-
2005
Patrice Luzi (1 game)
28.3%
1992-
1993
Nick Tanner (4 games)
27%
2004-
2006
David Raven (1 game)
23.8%
1998-
2001
Jon Newby (1 game)
22.8%
Quiz Playlist
Details
Report
Send in Message
Add To Playlist
Classic:
Type in answers that appear in a list
Last Updated: Feb 16, 2017
Quiz Scoreboard
CHALLENGE
Sign Up to Join the Scoreboard
Show All
Scores
Hide
Comments
May contain spoilers
Recently Published
Holiday 10x10 Sorting Gallery
by lukepisani3
Holiday
15m
Two Season TV Shows II
by 123Four
Television
10m
Image Sorting: Flags VI
by Barbecue
Geography
2m
More to Explore
Quiz From the Vault
Featured Blog Post
14 Easter Pick-up Lines to Find Eggs With
hide this ad
You Might Also Like...
Tags
Liverpool
Today's Top Quizzes in Sports
Browse Sports
hide this ad
Today's Top Quizzes in Liverpool
Browse Liverpool
Top Contributed Quizzes in Sports
1
Les meilleurs buteurs des matchs entre le PSG et l’OM
2
Les entraîneurs de l'OM et du PSG au 21e siècle
3
2022 World Cup Stars
4
Players with Multiple 50 Home Run Seasons
5
Les joueurs passés par le PSG et l'OM
6
FIFA Club World Cup Champions
7
Top 10 NHL Goal Scorers of All Time
8
Criteria MLB: Left Handed Sluggers
9
Les joueurs passés par le LOSC et le RC Lens
10
2023 MLB Unique Player Accomplishments
Explore More
Trending Topics
Kpop
Crossword
Disney
NBA
Harry Potter
Marvel
Anime
Country
Song
Soccer
WWE
NFL
The Office
Pokémon
Puzzle
hide this ad
More By:
emate
Quiz
Plays
Rating
Category
Featured
Created
Newcastle United players 1993-2019
7,155
5.00
Sports
Mar 1, 2011
Arsenal players 1992-2016
6,322
4.29
Sports
Mar 6, 2011
Liverpool players 1992-2016
5,754
4.40
Sports
Mar 3, 2011
Manchester United players 1992-2016
3,581
4.80
Sports
Mar 3, 2011
Tottenham players 1992-2016
3,178
5.00
Sports
Mar 7, 2011
Go to Creator's Profile
Score Distribution
Quiz Creator Spotlight
emate
Follow
Send a Message
Quizzes Created
-
Created Quiz Play Count
-
More By This Creator
Popular Quizzes Today
1
Find the US States - No Outlines Minefield
2
Colored Red Africa Blitz
3
Find the 'City' Movie
4
The Countries of the World
5
Find the US States
6
5x2 Blitz: Bands
7
Find the Countries of Europe - No Outlines Minefield
8
US States
More Sports Quizzes
West Ham United Scorers 2018/19
Quiz Lab
Trending Quizzes
Colored Red Europe Blitz I
Colored Red Europe Blitz II
Colored Red Africa Blitz II
Colored Red Europe Blitz III
Colored Red Africa Blitz III
Recently Updated
Odd Team Out - Big 4 Players
pecheneg
Quick Pick: 20 Twenties
pecheneg
March Madness Men's Triple Doubles
pecheneg
How Do You Spell That?
pecheneg
Godzilla Movies
pecheneg
Grab Bag: 4-10 Letters
pecheneg
2024 March Madness Bracket
pecheneg
Famous TV Couples
Peacemaker
Champions League XIs: Real Madrid
pecheneg
Largest US Cities 1790-2010
pecheneg
Trending Topics
Kpop
Harry Potter
Disney
Crossword
Anime
NBA
Marvel
NFL
Puzzle
The Office
Song
WWE
Soccer
Pokémon
Country
Your Account Isn't Verified!
In order to create a playlist on Sporcle, you need to verify the email address you used during registration. Go to your
Sporcle Settings
to finish the process.
Report this User
Report this user for behavior that violates our
Community Guidelines
.
Details:
Send Report
Go to the Sporcle.com Mobile Site →
Comments